[Event "MDA-ch (Women)"]
[Site "Kishinev"]
[Date "2024.02.05"]
[Round "3"]
[White "Bargan, Victoria"]
[Black "Golban, Ludmila"]
[Result "1/2-1/2"]
[WhiteElo "1813"]
[BlackElo "1580"]
[PlyCount "103"]
[EventDate "2024.02.03"]
[EventType "swiss"]
[EventRounds "7"]
[EventCountry "MDA"]
[SourceTitle "CB07_2024"]
[SourceDate "2024.02.14"]
[SourceVersion "1"]
[SourceVersionDate "2024.02.14"]
[SourceQuality "1"]

1. d4 Nf6 2. c4 e6 3. Nc3 Bb4 4. Qb3 c5 5. dxc5 Bxc5 6. Nf3 Qc7 7. Bg5 Be7 8. Nb5 Qa5+ 9. Bd2 Qb6 10. e3 Na6 11. Be2 Nc5 12. Qc2 a6 13. Nc3 d6 14. 0-0 Qc7 15. b4 Ncd7 16. Rac1 b6 17. Nd4 Bb7 18. f4 Rc8 19. Qb1 0-0 20. e4 Qb8 21. f5 e5 22. Nb3 Qa8 23. Nd5 Bxd5 24. cxd5 Qb7 25. g4 Rxc1 26. Rxc1 Rc8 27. g5 Rxc1+ 28. Bxc1 Ne8 29. Qd3 Nc7 30. Be3 Bd8 31. h4 Nb8 32. h5 Ne8 33. Qd2 Qd7 34. Bd3 Qb7 35. a3 Qd7 36. Qf2 Qa4 37. Qb2 Qd7 38. Nd2 b5 39. Nb3 Bc7 40. Qg2 Qd8 41. Kf1 Bb6 42. Bd2 Nd7 43. h6 Bd4 44. Na5 Nb8 45. hxg7 Bb2 46. Be3 Bxa3 47. Qd2 Qc7 48. f6 Qc8 49. Ke1 Qh3 50. Bf1 Qh4+ 51. Kd1 Qxe4 52. Bd3 1/2-1/2

[Event "MDA-ch (Women)"]
[Site "Kishinev"]
[Date "2024.02.04"]
[Round "2"]
[White "Bargan, Victoria"]
[Black "Barbier, Emilia"]
[Result "1-0"]
[WhiteElo "1813"]
[BlackElo "1182"]
[PlyCount "73"]
[EventDate "2024.02.03"]
[EventType "swiss"]
[EventRounds "7"]
[EventCountry "MDA"]
[SourceTitle "CB07_2024"]
[SourceDate "2024.02.14"]
[SourceVersion "1"]
[SourceVersionDate "2024.02.14"]
[SourceQuality "1"]

1. d4 d5 2. c4 c6 3. Nc3 Nf6 4. cxd5 cxd5 5. Bf4 Nc6 6. e3 a6 7. Bd3 Bg4 8. Nge2 e6 9. 0-0 Bd6 10. f3 Bh5 11. Rc1 0-0 12. Na4 e5 13. dxe5 Bxe5 14. Qb3 Qe7 15. Nc5 Bxf4 16. exf4 Na5 17. Qa3 Nc6 18. Kh1 h6 19. Ng3 Rfe8 20. Nf5 Qc7 21. g3 Rac8 22. b4 Bg6 23. Qb2 Rcd8 24. Nxh6+ gxh6 25. Qxf6 Rd6 26. Qb2 Qb6 27. Rce1 Rc8 28. Bxg6 fxg6 29. Ne6 Rd7 30. Qf6 Qxb4 31. Qxg6+ Kh8 32. Qxh6+ Rh7 33. Qf6+ Kg8 34. Qg6+ Kh8 35. Ng5 Re7 36. Rxe7 Qxe7 37. Nf7+ 1-0

[Event "MDA-ch (Women)"]
[Site "Kishinev"]
[Date "2023.02.11"]
[Round "8"]
[White "Bargan, Victoria"]
[Black "Chendighilean, Anna"]
[Result "1-0"]
[WhiteElo "1784"]
[BlackElo "1462"]
[PlyCount "141"]
[EventDate "2023.02.04"]
[EventType "match"]
[EventRounds "9"]
[EventCountry "MDA"]
[SourceTitle "CBM 212 Extra"]
[Source "ChessBase"]
[SourceDate "2023.03.31"]
[SourceVersion "1"]
[SourceVersionDate "2023.03.31"]
[SourceQuality "1"]

1. d4 d5 2. c4 c6 3. cxd5 cxd5 4. Nc3 Nf6 5. Bf4 Nc6 6. e3 a6 7. Rc1 Bf5 8. Bd3 Bxd3 9. Qxd3 e6 10. Nge2 Be7 11. 0-0 0-0 12. Na4 Nd7 13. a3 Ra7 14. b4 Qa8 15. Bc7 b5 16. Nb6 Nxb6 17. Bxb6 Rd7 18. Rc3 Rc8 19. Rfc1 Bd8 20. Bxd8 Rdxd8 21. Rc5 g6 22. h3 Qb7 23. R1c3 Kf8 24. Nc1 Ne7 25. Nb3 Qb8 26. Qc2 Qa8 27. Kf1 Qb8 28. g3 Qa8 29. Na5 Rb8 30. Rc7 Rbc8 31. Ke2 Rxc7 32. Rxc7 Rc8 33. Kd2 Rxc7 34. Qxc7 Qc8 35. Qd6 Ke8 36. g4 Qa8 37. Kc2 Nc8 38. Qc7 Ne7 39. Nb7 Kf8 40. Nc5 Nc6 41. Nd7+ Kg8 42. Nb6 Qe8 43. Nc8 Nd8 44. Kb2 f5 45. Nd6 Qf8 46. g5 Nf7 47. Nxf7 Qxf7 48. Qc8+ Kg7 49. f4 h6 50. h4 hxg5 51. hxg5 Qa7 52. Qxe6 Qb7 53. Qf6+ Kh7 54. Qf8 Qc6 55. Qc5 Qb7 56. Kb3 Kg7 57. a4 Kf7 58. Qd6 Kg7 59. a5 Kh7 60. Kb2 Kg7 61. Qe5+ Kg8 62. Qf6 Kh7 63. Qb6 Qc8 64. Qa7+ Kg8 65. Qc5 Qe6 66. Qb6 Qc8 67. Qxg6+ Kf8 68. Qf6+ Kg8 69. g6 Qf8 70. Qe6+ Kg7 71. Kb3 1-0

[Event "MDA-ch (Women)"]
[Site "Kishinev"]
[Date "2022.02.24"]
[Round "6"]
[White "Golban, Ludmila"]
[Black "Bargan, Victoria"]
[Result "1/2-1/2"]
[WhiteElo "1628"]
[BlackElo "1706"]
[PlyCount "56"]
[EventDate "2022.02.19"]
[EventType "swiss"]
[EventRounds "7"]
[EventCountry "MDA"]
[SourceTitle "CBM 207 Extra"]
[Source "ChessBase"]
[SourceDate "2022.05.31"]
[SourceVersion "1"]
[SourceVersionDate "2022.05.31"]
[SourceQuality "1"]

1. d4 Nf6 2. Nf3 d5 3. c4 c6 4. Nc3 dxc4 5. a4 e6 6. e3 c5 7. Bxc4 Nc6 8. 0-0 cxd4 9. exd4 Be7 10. Bf4 0-0 11. Re1 Nb4 12. Qb3 Nfd5 13. Bxd5 exd5 14. Nb5 Na6 15. Rxe7 Qxe7 16. Bd6 Qd8 17. Bxf8 Kxf8 18. Re1 Be6 19. Ne5 Rc8 20. Nxa7 Qa5 21. Rd1 Nc5 22. Qb5 Qxa7 23. dxc5 Qxc5 24. Nd7+ Bxd7 25. Qxd7 Qc6 26. Qh3 h6 27. Qg3 Kg8 28. h3 Rd8 1/2-1/2

[Event "Moscow Botvinnik Cup U14 Girls"]
[Site "Moscow"]
[Date "2021.08.19"]
[Round "1"]
[White "Shokirjonova, Barchinoy"]
[Black "Bargan, Victoria"]
[Result "1/2-1/2"]
[WhiteElo "1695"]
[BlackElo "1728"]
[PlyCount "80"]
[EventDate "2021.08.19"]
[EventType "tourn"]
[EventRounds "9"]
[EventCountry "RUS"]
[SourceTitle "CBM 204 Extra"]
[Source "ChessBase"]
[SourceDate "2021.11.30"]
[SourceVersion "1"]
[SourceVersionDate "2021.11.30"]
[SourceQuality "1"]

1. d4 Nf6 2. c4 c5 3. d5 b5 4. cxb5 a6 5. bxa6 g6 6. Nc3 Bxa6 7. e4 Bxf1 8. Kxf1 d6 9. Nf3 Bg7 10. g3 0-0 11. Kg2 Nbd7 12. a4 Ra6 13. Qc2 Qa8 14. Nb5 Rc8 15. Bd2 Ne8 16. Ra3 Nc7 17. Nxc7 Rxc7 18. a5 Rb7 19. Rb3 Raa7 20. Rxb7 Rxb7 21. Bc3 Bxc3 22. Qxc3 Rb4 23. Re1 Qxa5 24. e5 dxe5 25. Nxe5 Qa2 26. Nxd7 Qxd5+ 27. Kg1 Qxd7 28. Qxc5 Rxb2 29. Rxe7 Qd1+ 30. Kg2 Rb8 31. Qc4 Rf8 32. h4 Qd8 33. Rc7 Qa8+ 34. Kh2 Qf3 35. Qc2 Re8 36. Rc8 Rxc8 37. Qxc8+ Kg7 38. Qc5 h5 39. Qd4+ Kh7 40. Qa7 Kg7 1/2-1/2

[Event "MDA-ch (Women)"]
[Site "Kishinev"]
[Date "2020.02.04"]
[Round "7"]
[White "Mihailova, Alina"]
[Black "Bargan, Victoria"]
[Result "1-0"]
[WhiteElo "1773"]
[BlackElo "1545"]
[PlyCount "89"]
[EventDate "2020.01.29"]
[EventType "tourn"]
[EventRounds "9"]
[EventCountry "MDA"]
[SourceTitle "CBM 195 Extra"]
[Source "ChessBase"]
[SourceDate "2020.05.31"]
[SourceVersion "1"]
[SourceVersionDate "2020.05.31"]
[SourceQuality "1"]

1. d4 Nf6 2. Nf3 c5 3. e3 cxd4 4. exd4 g6 5. g3 Bg7 6. Bg2 d6 7. 0-0 0-0 8. c4 Qc7 9. Qe2 e6 10. Nc3 a6 11. b3 Nc6 12. Bb2 Re8 13. Rac1 Bd7 14. Rfd1 Rad8 15. Ba3 Bc8 16. b4 e5 17. Nd5 Qb8 18. Nxf6+ Bxf6 19. d5 Ne7 20. Nd2 Bg7 21. Nb3 Bh6 22. Rc3 Nf5 23. Rcd3 Bd7 24. Bb2 Qc8 25. Nd2 Bg7 26. Rc1 Nd4 27. Bxd4 exd4 28. Qf1 Bf5 29. Rb3 Bh6 30. f4 d3 31. Bf3 Bg7 32. Qf2 Re7 33. c5 Rde8 34. Nc4 Re2 35. Bxe2 Rxe2 36. Nxd6 d2 37. Rd1 Rxf2 38. Nxc8 Bd4 39. Ne7+ Kf8 40. Nxf5 gxf5 41. Rd3 Rxf4+ 42. Kh1 Re4 43. R1xd2 Re1+ 44. Kg2 Rg1+ 45. Kh3 1-0

[Event "MDA-ch (Women)"]
[Site "Kishinev"]
[Date "2020.01.30"]
[Round "2"]
[White "Bargan, Victoria"]
[Black "Petricenco, Ana"]
[Result "0-1"]
[WhiteElo "1545"]
[BlackElo "1642"]
[PlyCount "88"]
[EventDate "2020.01.29"]
[EventType "tourn"]
[EventRounds "9"]
[EventCountry "MDA"]
[SourceTitle "CBM 195 Extra"]
[Source "ChessBase"]
[SourceDate "2020.05.31"]
[SourceVersion "1"]
[SourceVersionDate "2020.05.31"]
[SourceQuality "1"]

1. d4 d5 2. c4 c6 3. cxd5 cxd5 4. Nc3 Nf6 5. Bf4 Nc6 6. e3 Bf5 7. Nf3 e6 8. Bb5 Nd7 9. 0-0 Be7 10. Bxc6 bxc6 11. Qa4 Qb6 12. Rfc1 0-0 13. Nd1 Rfc8 14. Rc3 Qb7 15. Rb3 Nb6 16. Qa5 Bc2 17. Rc3 Nc4 18. Rxc4 dxc4 19. Qc3 Bxd1 20. Rxd1 c5 21. dxc5 Bxc5 22. Be5 f6 23. Bd4 Be7 24. Qc2 e5 25. Bc3 Qc6 26. a3 Rd8 27. h3 Qb5 28. Rxd8+ Rxd8 29. Nd2 Bc5 30. Qe4 Be7 31. Qxc4+ Qxc4 32. Nxc4 Rc8 33. Nd2 Bxa3 34. Nf3 Bd6 35. Ne1 Rc4 36. Kf1 Bb4 37. Bxb4 Rxb4 38. Nd3 Rb3 39. Ke2 e4 40. Nc5 Rxb2+ 41. Ke1 a5 42. Nxe4 a4 43. Kd1 a3 44. Kc1 f5 0-1

[Event "MDA-ch (Women)"]
[Site "Kishinev"]
[Date "2020.01.29"]
[Round "1"]
[White "Verbin, Valentina"]
[Black "Bargan, Victoria"]
[Result "1-0"]
[WhiteElo "1992"]
[BlackElo "1545"]
[PlyCount "51"]
[EventDate "2020.01.29"]
[EventType "tourn"]
[EventRounds "9"]
[EventCountry "MDA"]
[SourceTitle "CBM 195 Extra"]
[Source "ChessBase"]
[SourceDate "2020.05.31"]
[SourceVersion "1"]
[SourceVersionDate "2020.05.31"]
[SourceQuality "1"]

1. e4 c6 2. d4 d5 3. e5 Bf5 4. Nf3 e6 5. Be2 Nd7 6. 0-0 h6 7. c3 Ne7 8. a4 a5 9. Na3 g5 10. Nc2 Bg6 11. Nfe1 Bg7 12. g3 Nf5 13. Ne3 Qb6 14. N1g2 c5 15. Nxf5 Bxf5 16. Bb5 c4 17. b3 Bd3 18. bxc4 Bxf1 19. Qxf1 0-0-0 20. Rb1 Qc7 21. Ne3 Nb8 22. cxd5 Rxd5 23. Nxd5 exd5 24. Qh3+ Kd8 25. Qg2 Ke7 26. Qxd5 1-0

[Event "EU-ch U12 Girls"]
[Site "Bratislava"]
[Date "2019.08.04"]
[Round "3"]
[White "Bargan, Victoria"]
[Black "Darmaeva, Nomina"]
[Result "0-1"]
[WhiteElo "1574"]
[BlackElo "1389"]
[PlyCount "68"]
[EventDate "2019.08.02"]
[EventType "swiss"]
[EventRounds "9"]
[EventCountry "SVK"]
[SourceTitle "EXT 2020"]
[Source "ChessBase"]
[SourceDate "2019.10.17"]
[SourceVersion "1"]
[SourceVersionDate "2019.10.17"]
[SourceQuality "1"]

1. d4 d5 2. c4 e6 3. Nc3 c6 4. cxd5 exd5 5. Qc2 g6 6. Bf4 Bf5 7. Qb3 b6 8. e3 Bd6 9. Bxd6 Qxd6 10. Nf3 Nf6 11. Be2 0-0 12. 0-0 Nbd7 13. Rac1 Rfe8 14. Qa4 a5 15. Nh4 Be6 16. Qc2 b5 17. Nf3 Kg7 18. Nb1 Rac8 19. Qd1 Ne4 20. Nbd2 a4 21. Bd3 f5 22. a3 Rb8 23. Qe2 b4 24. Bxe4 fxe4 25. Ne5 Nxe5 26. dxe5 Qxe5 27. Rxc6 Qxb2 28. Rb1 Qxa3 29. Qa6 Bf7 30. Qa7 Qd3 31. Rc7 Rf8 32. Rxf7+ Rxf7 33. Qxb8 Qxd2 34. Qxb4 Qxf2+ 0-1

[Event "Wch U10 Girls"]
[Site "Batumi"]
[Date "2016.10.29"]
[Round "10.50"]
[White "Bargan, Victoria"]
[Black "Berezovsky, Fiorina"]
[Result "1/2-1/2"]
[WhiteElo "1220"]
[BlackElo "1119"]
[PlyCount "102"]
[EventDate "2016.10.19"]
[EventType "swiss"]
[EventRounds "11"]
[EventCountry "GEO"]
[SourceTitle "EXT 2018"]
[Source "ChessBase"]
[SourceDate "2017.10.13"]
[SourceVersion "1"]
[SourceVersionDate "2017.10.13"]
[SourceQuality "1"]

1. d4 Nf6 2. c4 e6 3. Nc3 Bb4 4. Nf3 0-0 5. Bg5 h6 6. Bh4 d6 7. e3 Re8 8. a3 Bxc3+ 9. bxc3 c5 10. Be2 Nc6 11. 0-0 b6 12. Rb1 Bb7 13. dxc5 dxc5 14. Qxd8 Raxd8 15. Bxf6 gxf6 16. Rfd1 Ba6 17. Kf1 Na5 18. Ke1 Bxc4 19. Bxc4 Nxc4 20. a4 Kf8 21. Nd2 Nxd2 22. Rxd2 Ke7 23. Rb5 Rxd2 24. Kxd2 Kd6 25. c4 Kc6 26. Ke2 a6 27. Rb1 Rb8 28. Kd2 b5 29. axb5+ axb5 30. cxb5+ Rxb5 31. Rxb5 Kxb5 32. Kc3 c4 33. f3 e5 34. g4 Kc5 35. f4 exf4 36. exf4 Kd5 37. h4 Ke4 38. g5 h5 39. gxf6 Kxf4 40. Kxc4 Kf5 41. Kd4 Kxf6 42. Ke4 Kg6 43. Kf4 f5 44. Kf3 Kf6 45. Kf4 Ke6 46. Kg5 Ke5 47. Kxh5 f4 48. Kg4 Kf6 49. Kxf4 Kg6 50. Kg4 Kh6 51. h5 Kh7 1/2-1/2